000 00298nam a2200121Ia 4500
008 210430s9999 xx 000 0 und d
020 _a978-0-07-41564-8
082 _a621.902 C6499M
100 _aCmti
_954718
245 _aMachine tool design handbook
_cCmti
300 _a955
942 _cBK
_2ddc
999 _c565405
_d565405